000 00626nam a22002057a 4500
010 _aENG-100770
020 _c25.00
_a9788190438933
035 _aEN-84303
037 _bDBAD / PUB
082 _a881
100 _aKamat, Smitha Bhandare
_914497
245 _aSouldrops /
_cby Smitha Bhandare Kamat
260 _aGoa
_bThird Millennium
_c2009
270 _a603, Shiv Towers, Patto Plaza
_bGoa
300 _a47 p.
_c18cm (Pbk)
650 _aPoetry
_914498
700 _96162
942 _2ddc
_cEN
_mSOU
_h881
999 _c42325
_d42325